Etimologia dei Paesi #3 - Statistics

Statistiche generali
  • Questo quiz è stato fatto 47 volte
  • Il punteggio medio è 7 su 11
Statistiche sulle risposte
Etimologia Paese % Corretto
Da Cristoforo Colombo Colombia
100%
Da Eire, divinità celtica Irlanda
97%
"Marca dei Dani" Danimarca
85%
"Trinità e tabacco" Trinidad e Tobago
79%
Dal nome della sua capitale, antica Cartagine Tunisia
69%
"Terra degli Ariani", in persiano Iran
62%
"Isola risplendente", in sanscrito Sri Lanka
56%
"Piccola Venezia" Venezuela
54%
"Oltre il confine meridionale", in cinese Vietnam
46%
"Montagna del Leone", in portoghese Sierra Leone
41%
"Piccole isole", in greco Micronesia
33%
Nessun quiz corrispondente trovato
Distribuzione punteggi
Percentuale di utenti per punteggio
Percentile per numero di risposta
I tuoi punteggi nel tempo
Non hai fatto questo quiz